LIBRARY ONLINE CATALOGUE

Central issues in jurisprudence : (Record no. 4007)

MARC details
000 -LEADER
fixed length control field 00609cam a22002052 4500
001 - CONTROL NUMBER
control field 0000019730
005 - DATE AND TIME OF LATEST TRANSACTION
control field 20151217145919.0
008 - FIXED-LENGTH DATA ELEMENTS--GENERAL INFORMATION
fixed length control field 110124s xx 000 0 eng d
020 ## - INTERNATIONAL STANDARD BOOK NUMBER
International Standard Book Number 1847030085 :
040 ## - CATALOGING SOURCE
Original cataloging agency KABU
Transcribing agency KABU
100 1# - MAIN ENTRY--PERSONAL NAME
Personal name Simmonds, N. E.
-- 0000179639
245 10 - TITLE STATEMENT
Title Central issues in jurisprudence :
Remainder of title justice, law and rights /
Statement of responsibility, etc. N. E. Simmonds.
250 ## - EDITION STATEMENT
Edition statement 3rd ed.
260 ## - PUBLICATION, DISTRIBUTION, ETC. (IMPRINT)
Place of publication, distribution, etc. London :
Name of publisher, distributor, etc. Sweet & Maxwell,
Date of publication, distribution, etc. 2008.
300 ## - PHYSICAL DESCRIPTION
Extent x, 340 p.
650 #0 - SUBJECT ADDED ENTRY--TOPICAL TERM
Topical term or geographic name as entry element Jurisprudence.
-- 0000153282
852 1# - LOCATION
-- p2725 KES
908 ## - PUT COMMAND PARAMETER (RLIN)
Put command parameter 110124
950 ## - LOCAL HOLDINGS (RLIN)
-- 1
Holdings
Withdrawn status Lost status Source of classification or shelving scheme Not for loan Home library Current library Date acquired Total Checkouts Full call number Barcode Date last seen Price effective from Koha item type Date last checked out
    Library of Congress Classification   Kabarak, Main Campus Kabarak, Main Campus 17/12/2015   K230 .S56C46 2008 c. 2 22714 17/12/2015 17/12/2015 General Collection  
    Library of Congress Classification   Kabarak, Main Campus Kabarak, Main Campus 17/12/2015   K230 .S56C46 2008 c. 1 22713 17/12/2015 17/12/2015 General Collection  
    Library of Congress Classification   Kabarak, Main Campus Kabarak, Main Campus 17/12/2015 3 K230 .S56C46 2008 c. 3 21049 07/06/2019 17/12/2015 General Collection 06/06/2019
    Library of Congress Classification   Kabarak, Main Campus Kabarak, Main Campus 17/12/2015 6 K230 .S56C46 2008 c. 5 21119 19/06/2019 17/12/2015 General Collection 04/06/2019
    Library of Congress Classification   Kabarak, Main Campus Kabarak, Main Campus 17/12/2015 4 K230 .S56C46 2008 c. 4 21120 28/06/2019 17/12/2015 General Collection 27/06/2019